00771 2200229 4500001002100000005001700021008004100038035002500079040001200104082001500116084002000131100001900151245010500170260005200275300003000327500008000357504002800437650002500465700002100490850001200511990001800523INLIS00000000001077020150821121859.0  a0010-081500000002208 aYOPDYOG 223a362.29 aSK 362.29 Nur F aNURUL HUda A.S aFaktor penyebab penyalahgunaan narkotika di kalangan remaja (Kasus di Lempuyangan)c/ Nurul Huda A.S aYogyakartabUniversitas Negeri Yogyakartac2009 axv, 87 lembarc; 29,5 cm. aSkripsi Program Studi Pendidikan Sosiologi Fakultas Ilmu Sosial dan Ekonomi aBibliografi: hlm. 86-87 aNarkotika dan remaja aWISNIN Septiarti aYOPDYOG a48674-PD/A.15